000 002780000a22000970004500
100 1 _aHamilton, Tim
245 1 0 _aLife a beach : Tourism could bring big benefits, but mostly it tamples om the poor
300 _aNum. 12, (2000), Páginas 18-19
773 0 _tTeartimes
942 _cANA
999 _c55880
_d55880